000 00758nam a2200193 i 4500
001 27267
003 ES-MaACL
005 20230906153604.0
007 t|
008 030114s1942 it ||||1| ita d
245 0 0 _aAtlante Paleográfico Romanzo
_b: Fascicolo I: Documenti volgari italiani /
_ca cura di Francesco A. Ugolini ; publicato con il contributo del Fondo di studi Parini. Chirio della R. Universitá di Torino.
260 _aTorino :
_bLibreria "La Stampa",
_c1942.
300 _a8 h., 27 lám. ;
_c17 cm.
650 0 4 _aPaleografía latina.
_915806
700 1 _aUgolini, Francesco A.
_9111904
710 1 _aUniversitá di Torino.
_bFondo di studi Parisi.
_97475
740 0 _aDocumenti volgari italiani.
852 _aES-MaACL
_jE-3746
_bR.20862
999 _c27267
_d27267